| 000 | 00932nam a2200253Ia 4500 | ||
|---|---|---|---|
| 005 | 20250425162127.0 | ||
| 008 | 250425s9999 xx 000 0 und d | ||
| 020 | _a847114624x | ||
| 041 | _aspa | ||
| 082 | _a633.88 | ||
| 100 | _aMUNOZ LOPEZ, FERNANDO | ||
| 245 | 0 | _aPLANTAS MEDICINALES Y AROMATICAS: ESTUDIO CULTIVO Y PROCESADO | |
| 250 | _a1A ED. | ||
| 260 |
_aEspaƱa _bMUNDI PRENSA _c2000 |
||
| 260 | _aMADRID | ||
| 300 | _a365 | ||
| 500 | _aEN CIBGZ-FIMCP 50209 PARA ING. AGROP. Y TECN. AGRICOLA. | ||
| 520 | _aLAS PLANTAS MEDICINALES. SON AQUELLOS VEGETALES QUE ELABORAN UNOS PRODUCTOS LLAMADOS PRINCIPIOS ACTIVOS, QUE SON SUSTANCIAS QUE EJERCEN UNA ACCION FARMACOLOGICA BENEFICIOSA O PERJUCIAL, SOBRE EL ORGANISMO VIVO. SU UTILIDAD PRIMORDIAL, AVECES ESPECIFICA, E | ||
| 650 | _aMAQUINARIAS AGRICOLAS | ||
| 650 | _aPLANTAS MEDICINALES | ||
| 650 | _aVIVEROS(HORTICULTURA) | ||
| 942 | _c01 | ||
| 010 | _a51604 | ||
| 999 |
_c222869 _d222869 |
||